Tonga : 2015 Article IV Consultation-Staff Report; and Press Release.

This 2015 Article IV Consultation highlights that Tonga's economy is estimated to have grown by about 2 percent in FY2013/14 (year ending June) driven by agriculture and construction, following a contraction in 2012/13 mainly caused by the completion of a large capital project. The external pos...

Descrizione completa

Dettagli Bibliografici
Ente Autore: International Monetary Fund. Asia and Pacific Dept
Natura: Periodico
Lingua:English
Pubblicazione: Washington, D.C. : International Monetary Fund, 2015.
Serie:IMF Staff Country Reports; Country Report ; No. 2015/107
Accesso online:Full text available on IMF
LEADER 01814cas a2200241 a 4500
001 AALejournalIMF015191
008 230101c9999 xx r poo 0 0eng d
020 |c 5.00 USD 
020 |z 9781475518375 
022 |a 1934-7685 
040 |a BD-DhAAL  |c BD-DhAAL 
110 2 |a International Monetary Fund.  |b Asia and Pacific Dept. 
245 1 0 |a Tonga :   |b 2015 Article IV Consultation-Staff Report; and Press Release. 
264 1 |a Washington, D.C. :  |b International Monetary Fund,  |c 2015. 
300 |a 1 online resource (69 pages) 
490 1 |a IMF Staff Country Reports 
500 |a <strong>Off-Campus Access:</strong> No User ID or Password Required 
500 |a <strong>On-Campus Access:</strong> No User ID or Password Required 
506 |a Electronic access restricted to authorized BRAC University faculty, staff and students 
520 3 |a This 2015 Article IV Consultation highlights that Tonga's economy is estimated to have grown by about 2 percent in FY2013/14 (year ending June) driven by agriculture and construction, following a contraction in 2012/13 mainly caused by the completion of a large capital project. The external position has strengthened, following large grants and remittance inflows, which have bolstered international reserves. Real GDP growth is expected to average 2-3 percent in FY2014/15-FY2019/20. Although the progress of reconstruction in the aftermath of 2014 Cyclone Ian is slower than expected, the coronation scheduled for July 2015 and preparations for the 2019 South Pacific Games will support economic activity over the next few years. 
538 |a Mode of access: Internet 
830 0 |a IMF Staff Country Reports; Country Report ;  |v No. 2015/107 
856 4 0 |z Full text available on IMF  |u http://elibrary.imf.org/view/journals/002/2015/107/002.2015.issue-107-en.xml  |z IMF e-Library